Wortgemisch - Deutsche Lieder #6 - Statistiken

Allgemein
  • Dieses Quiz wurde 582 mal gespielt
  • Das Durchschnittsergebnis liegt bei 12 aus 15
Antwortstatistiken
Hint Antwort % Korrekt
sDa steeB Das Beste
99%
rüF cidh Für dich
98%
lilWst ud Willst du
98%
ruN eni toWr Nur ein Wort
97%
chI ndif cidh eeschiß Ich find dich scheiße
96%
ürF mimre gnuj Für immer jung
94%
riichcheesGr eniW Griechischer Wein
94%
tonnA usa orTil Anton aus Tirol
91%
uD ennestirr hmic na ibeeL Du erinnerst mich an Liebe
85%
reD Hemilm losl naterw Der Himmel soll warten
81%
nenrTä üngel chtin Tränen lügen nicht
81%
trumtucheL Leuchtturm
79%
guguzelFe mi Bchua Flugzeuge im Bauch
63%
dnonuJim Junimond
15%
Bongarome Boomerang
13%
Keine übereinstimmenden Quizze gefunden
Verteilung der Resultate
Anzahl Personen mit jedem Resultat
Perzentil nach korrekt beantworteten Fragen
Ihre Resultats-Entwicklung
Sie haben dieses Quiz noch nicht gespielt